| 000 | 00668nam a22002172 4500 | ||
|---|---|---|---|
| 001 | 0000024368 | ||
| 005 | 20151217152300.0 | ||
| 008 | 130909s xx 000 0 eng d | ||
| 020 | _a1420067309 : | ||
| 040 |
_aKABU _cKABU |
||
| 100 | 1 |
_aGarbacz Bader, Donna M. _@0000184391 |
|
| 245 | 1 | 0 |
_aForensic nursing : _ba concise manual / _cDonna M. Garbacz Bader, Sue Gabriel. |
| 250 | _a1st ed. | ||
| 260 |
_aBoca Raton, FL : _bCRC Press, _c2010. |
||
| 300 | _axix, 441 p. | ||
| 650 | 0 |
_aForensic nursing. _@0000184366 |
|
| 700 | 1 |
_aGabriel, Sue. _@0000184392 |
|
| 852 | 1 | _9p7679 KES | |
| 908 | _a130909 | ||
| 950 | _@1 | ||
| 999 |
_c10242 _d10242 |
||